Normal view
MARC view
Entry Genre/Form Term
001 - CONTROL NUMBER
- control field: 130093
003 - CONTROL NUMBER IDENTIFIER
- control field: NUST
005 - DATE AND TIME OF LATEST TRANSACTION
- control field: 20250723154634.0
008 - FIXED-LENGTH DATA ELEMENTS
- fixed length control field: 250723|| aca||aabn | a|a d
040 ## - CATALOGING SOURCE
- Original cataloging agency: NUST
- Transcribing agency: NUST
155 ## - HEADING--GENRE/FORM TERM
- General subdivision: PhD-Management and Human Resource
670 ## - SOURCE DATA FOUND
- Source citation: Work cat.: (NUST)331285: Mumtaz,Muhammad Zubair 4896, Empirical investigation of pricing performance of initial public offerings (IPOs): evidence from Pakistan/, 2015
